Birds of Borneo Sabah, Sarawak, Brunei and Kalimantan
| Main Author: | |
|---|---|
| Format: | Book |
| Published: |
London :
New Holland ,
1996
|
| Series: | A photographic guide to
|
| Subjects: |
MARC
| LEADER | 00000cam a2200000 7i4500 | ||
|---|---|---|---|
| 001 | 0000017486 | ||
| 005 | 20080527.0 | ||
| 008 | 080527 | ||
| 020 | |a 1859746977 | ||
| 090 | 0 | 0 | |a 598.072345983 |b DAV |
| 100 | 1 | |a Davison G.W.H | |
| 245 | 1 | 0 | |a Birds of Borneo Sabah, Sarawak, Brunei and Kalimantan |c G.W.H Davison and Chew Yen Fook |
| 260 | |a London : |b New Holland , |c 1996 | ||
| 440 | |a A photographic guide to | ||
| 650 | 0 | |a Bird watching | |
| 650 | 0 | |a Bird |x Borneo | |
| 650 | 0 | |a Bird |z Brunei | |
| 650 | 0 | |a Bird |z Kalimantan | |
| 999 | |a 0001017621 |b Book |c Adult Collection |e Cawangan Pontian | ||